<?xml version="1.0" encoding="UTF-8"?>
<collection xmlns="http://www.loc.gov/MARC21/slim">
 <record>
  <leader>01625nam a2200193Ia 4500</leader>
  <controlfield tag="001">CTU_99054</controlfield>
  <controlfield tag="008">210402s9999    xx            000 0 und d</controlfield>
  <datafield tag="082" ind1=" " ind2=" ">
   <subfield code="a">658.4</subfield>
  </datafield>
  <datafield tag="082" ind1=" " ind2=" ">
   <subfield code="b">B765</subfield>
  </datafield>
  <datafield tag="245" ind1=" " ind2="4">
   <subfield code="a">The boundaryless organization :</subfield>
  </datafield>
  <datafield tag="245" ind1=" " ind2="0">
   <subfield code="b">Breaking the chains of organizational structure</subfield>
  </datafield>
  <datafield tag="245" ind1=" " ind2="0">
   <subfield code="c">Ron Ashkenas ... [et al.] ; forewords by C. K. Prahalad and Lawrence A. Bossidy.</subfield>
  </datafield>
  <datafield tag="260" ind1=" " ind2=" ">
   <subfield code="a">San Francisco</subfield>
  </datafield>
  <datafield tag="260" ind1=" " ind2=" ">
   <subfield code="b">Jossey-Bass Publishers</subfield>
  </datafield>
  <datafield tag="260" ind1=" " ind2=" ">
   <subfield code="c">1995</subfield>
  </datafield>
  <datafield tag="520" ind1=" " ind2=" ">
   <subfield code="a">Most solutions being recommended today for improving corporate performance prescribe reducing hierarchy by changing organizational structure, altering boundaries, and overcoming barriers within the organization. The authors go much further, calling for a &quot;boundaryless organization,&quot; and they consider much more than the traditional and the obvious boundaries that exist within organizations. This book grew out of work done by the authors as consultants hired by General Electric's CEO Jack Welch, who first approached them with the concept of a &quot;boundaryless organization.&quot; Applying what they learned in the effort to transform the way GE did business and from numerous other examples, they consider the vertical, horizontal, external, and geographic boundaries that exist for organizations. The authors provide tools to help measure the degree to which boundaries exist, demonstrate the consequences of boundaries, and identify steps to eliminate them. David Rouse</subfield>
  </datafield>
  <datafield tag="650" ind1=" " ind2=" ">
   <subfield code="a">Organizational change,Industrial organization,Interorganizational relations</subfield>
  </datafield>
  <datafield tag="904" ind1=" " ind2=" ">
   <subfield code="i">M.Loan</subfield>
  </datafield>
  <datafield tag="980" ind1=" " ind2=" ">
   <subfield code="a">Trung tâm Học liệu Trường Đại học Cần Thơ</subfield>
  </datafield>
 </record>
</collection>
